Statistics for Almost made it! The top 25 MLB players who DIDN'T hit 500 home runs (retired only, did not include active players)

Click here to take the quiz!

General Stats

  • This quiz has been taken 2,364 times
    (1,980 since last reset)
  • The average score is 11 of 25

Answer Stats

HintAnswer% Correct
493Lou Gehrig
66%
493Fred Mcgriff
57%
468Chipper Jones
55%
475Stan Musial
55%
475Willie Stargell
55%
434Andruw Jones
54%
431Cal Ripken
54%
462Jose Canseco
53%
426Billy Williams
49%
449Jeff Bagwell
47%
427Mike Piazza
44%
442Dave Kingman
42%
434Juan Gonzalez
42%
452Carl Yastrzemski
41%
465Dave Winfield
41%
473Carlos Delgado
40%
438Andre Dawson
38%
407Duke Snider
35%
449Vladimir Guerrero
35%
462Adam Dunn
33%
414Darrell Evans
32%
439Paul Konerko
30%
399Andres Galarraga
26%
440Jason Giambi
26%
412Alfonso Soriano
18%

Score Distribution

Percentile by Number Answered

Percent of People with Each Score

Your Score History

You have not taken this quiz since the last reset